[Event "2006 Standard Chess Dropout Tournament, Round 1"]
[Site "SchemingMind.com"]
[Date "2005.11.22"]
[Round "1"]
[White "AaronB"]
[Black "BenJamz64"]
[Result "1-0"]
[WhiteCountry "USA"]
[BlackCountry "USA"]
[WhiteElo "1611"]
[WhiteRD "72"]
[BlackElo "1371"]
[BlackRD "87"]
[GameID "30910"]

1. e4 e6 2. d4 g6 3. Nf3 Bg7 4. Nc3 b6 5. Bd3 Nc6 6. Be3 Nge7 7. O-O f5 8. e5 a6 9. Bg5 h6 10. Bxe7 Qxe7
11. a3 Bb7 12. Re1
1-0

[Event "2006 Standard Chess Dropout Tournament, Round 1"]
[Site "SchemingMind.com"]
[Date "2005.11.21"]
[Round "1"]
[White "AdamMorris"]
[Black "Brerrabbit"]
[Result "1-0"]
[WhiteCountry "ENG"]
[BlackCountry "SCO"]
[WhiteElo "1431"]
[WhiteRD "73"]
[BlackElo "1262"]
[BlackRD "69"]
[GameID "30911"]

1. e4 e5 2. Nf3 Nc6 3. Nc3 Nf6 4. d4 Bb4 5. dxe5 Ng4 6. Bf4 d6 7. Bb5 Bd7 8. exd6 cxd6 9. Bxc6 Bxc6 10. O-O Qe7
11. h3 Ne5 12. Nxe5 dxe5 13. Bg3 O-O 14. Qh5 Bd6 15. Bh4 Qe6 16. Qf3 b5 17. Qg3 Rad8 18. Bxd8 Rxd8 19. a3 b4 20. axb4 Bxb4
21. Rfe1 Bc5 22. Rad1 Rf8 23. Qh4 Qf6 24. Qxf6 gxf6 25. Nd5 Kg7 26. Rd3 Rb8 27. Rg3+ Kf8 28. Nxf6 Rxb2 29. Rc3 Rb5 30. Nxh7+ Kg7
31. Ng5 Bd7 32. Rg3 Kf8 33. Rd1 Be6 34. Nh7+ Ke7 35. Ng5 Rb2 36. Nxe6 Kxe6 37. Rc3 Bd4 38. Rc4 Bxf2+ 39. Kxf2 f5 40. exf5+ Kxf5
41. Rd7 e4 42. Rxa7 Rb3 43. cxb3
1-0

[Event "2006 Standard Chess Dropout Tournament, Round 1"]
[Site "SchemingMind.com"]
[Date "2005.11.21"]
[Round "1"]
[White "adelphi"]
[Black "Brendan Joseph Birt"]
[Result "0-1"]
[WhiteCountry "USA"]
[BlackCountry "USA"]
[WhiteElo "1382"]
[WhiteRD "79"]
[BlackElo "1859"]
[BlackRD "118"]
[GameID "30912"]

1. e4 d5 2. exd5 Qxd5 3. c4 Qa5 4. a3 c6 5. Nf3 Bg4 6. Be2 e6 7. Nc3 Nf6 8. d3 Bd6 9. Bd2 Qc7 10. g3 Nbd7
11. Ne4 Nxe4 12. dxe4 O-O 13. Nh4 Bxe2 14. Qxe2 Nc5 15. Qg4 Nd3+ 16. Kf1 Be5 17. Bh6 Bxb2 18. Ra2 Bf6 19. f4 Kh8 20. e5 Bxe5
0-1

[Event "2006 Standard Chess Dropout Tournament, Round 1"]
[Site "SchemingMind.com"]
[Date "2005.11.22"]
[Round "1"]
[White "agrillage"]
[Black "Ashmaster"]
[Result "1-0"]
[WhiteCountry "MLT"]
[BlackCountry "IRL"]
[WhiteElo "1973"]
[WhiteRD "75"]
[BlackElo "1400"]
[BlackRD "63"]
[GameID "30914"]

1. c4 Nf6 2. g3 e5 3. Bg2 d5 4. cxd5 Nxd5 5. Nf3 Nc6 6. O-O Nb6 7. b3 Be7 8. Bb2 f6 9. d3 O-O 10. Nbd2 Be6
11. Rc1 Qd7 12. Ne4 Rad8 13. Qc2 Nd5 14. Rfd1 Ncb4 15. Qb1 a5 16. d4 exd4 17. Nxd4 c6 18. Nxe6 Qxe6 19. a3 Na6 20. Qc2 Nb6
21. e3 Rxd1+ 22. Rxd1 Rd8 23. Rxd8+ Bxd8 24. Nd2 Nc7 25. Nf3 Be7 26. Nd4 Qf7 27. Qc3 a4 28. Qa5 Nbd5 29. e4 b6 30. Qxa4 b5
31. Qa5
1-0

[Event "2006 Standard Chess Dropout Tournament, Round 1"]
[Site "SchemingMind.com"]
[Date "2005.11.21"]
[Round "1"]
[White "albear"]
[Black "Andoni Zabala"]
[Result "1/2-1/2"]
[WhiteCountry "ENG"]
[BlackCountry "INT"]
[WhiteElo "1591"]
[WhiteRD "87"]
[BlackElo "1636"]
[BlackRD "79"]
[GameID "30915"]

1. d4 d5 2. Nc3 e6 3. e4 Bb4 4. e5 Ne7 5. Nf3 O-O 6. Bd3 c5 7. a3 cxd4 8. axb4 dxc3 9. bxc3 Nd7 10. Bg5 h6
11. Bxe7 Qxe7 12. O-O b6 13. Bb5 Bb7 14. Bxd7 Qxd7 15. c4 Qe7 16. cxd5 Bxd5 17. h3 Rfd8 18. Nd4 Qxb4 19. Rb1 Qc5 20. c3 Qxc3
21. Qg4= Qd3 22. Rfd1 Qe4 23. Nb5 Qxe5 24. Qg3= Qxg3 25. fxg3 a5 26. Nc7 Rab8 27. Na6 Rb7 28. Nc5 Rbb8 29. Na6 Rb7=
1/2-1/2

[Event "2006 Standard Chess Dropout Tournament, Round 1"]
[Site "SchemingMind.com"]
[Date "2005.11.22"]
[Round "1"]
[White "alejandroales"]
[Black "brightnight"]
[Result "0-1"]
[WhiteCountry "ARG"]
[BlackCountry "USA"]
[WhiteElo "1693"]
[WhiteRD "104"]
[BlackElo "1512"]
[BlackRD "97"]
[GameID "30916"]

1. d4 d5 2. c4 Nf6 3. Nc3 Nc6 4. Nf3 Bg4 5. Bf4 e6 6. e3 Bb4 7. Qc2 O-O 8. Be2 h6 9. O-O a6 10. a3 Bxc3
11. bxc3 Bxf3 12. Bxf3 Rc8 13. Rab1 b6 14. Qa4 Nb8 15. h3 a5 16. c5 Nbd7 17. c6 Nb8 18. Rfc1 Qe7 19. c4 Ne8 20. cxd5 Nd6
21. dxe6 fxe6 22. Bg4 Ne4 23. Rb2 Rf7 24. Qc2 Ng5 25. Qg6 Rcf8 26. Bxg5 hxg5 27. Be2 Qxa3 28. Rbc2 Rxf2 29. Kh1 Rxe2 30. Qxg5 Rxc2
31. Rxc2 Qd6 32. Kg1 Nxc6 33. h4 Nb4 34. Re2 Nd3 35. h5 Rf6 36. Qb5 Qa3 37. Qe8+ Kh7 38. Qd7 Qc1+ 39. Kh2 Qd1 40. Ra2 Qxh5+
41. Kg1 Rh6
0-1

[Event "2006 Standard Chess Dropout Tournament, Round 1"]
[Site "SchemingMind.com"]
[Date "2005.11.22"]
[Round "1"]
[White "alevin"]
[Black "AdamMorris"]
[Result "0-1"]
[WhiteCountry "USA"]
[BlackCountry "ENG"]
[WhiteElo "1325"]
[WhiteRD "144"]
[BlackElo "1431"]
[BlackRD "73"]
[GameID "30917"]

1. e4 e5 2. Nf3 Nc6 3. d4 exd4 4. Bc4 Bc5 5. O-O d6 6. c3 dxc3 7. Nxc3 Qf6 8. Nd5 Qd8 9. Bg5 f6 10. Bh4 Bg4
11. h3 Bh5 12. g4 Bg6 13. g5 Bh5 14. gxf6 Nxf6 15. Nxf6+ gxf6 16. Rc1 Qe7 17. Qd5 Qg7+ 18. Ng5 fxg5
0-1

[Event "2006 Standard Chess Dropout Tournament, Round 1"]
[Site "SchemingMind.com"]
[Date "2005.11.24"]
[Round "1"]
[White "Andoni Zabala"]
[Black "adelphi"]
[Result "1-0"]
[WhiteCountry "INT"]
[BlackCountry "USA"]
[WhiteElo "1551"]
[WhiteRD "85"]
[BlackElo "1382"]
[BlackRD "79"]
[GameID "30918"]

1. e4 c5 2. Nf3 d6 3. d4 cxd4 4. Nxd4 Nf6 5. Nc3 g6 6. Be3 Bg7 7. Qd2 Ng4 8. O-O-O O-O 9. f3 Nxe3 10. Qxe3 Nd7
11. g4 Qa5 12. Nb3 Qb6 13. Nd5 Qxe3+ 14. Nxe3 Nc5 15. Nxc5 dxc5 16. h4 h6 17. h5 Be6 18. Nd5 Bxd5 19. exd5 Rad8 20. c4 b6
21. Bd3 g5 22. Rhe1 Rde8 23. Kc2 e6 24. Be4 exd5 25. Bxd5 a6 26. b3 b5 27. a3 bxc4 28. Bxc4 a5 29. a4 Kh8 30. Re2 f5
31. Rde1 Rd8 32. Re7 f4 33. Ra7 Ra8 34. Ree7 Rfe8 35. Rxg7 Re3 36. Rh7#
1-0

[Event "2006 Standard Chess Dropout Tournament, Round 1"]
[Site "SchemingMind.com"]
[Date "2005.11.21"]
[Round "1"]
[White "annis"]
[Black "Archr"]
[Result "0-1"]
[WhiteCountry "USA"]
[BlackCountry "USA"]
[WhiteElo "1674"]
[WhiteRD "80"]
[BlackElo "1564"]
[BlackRD "88"]
[GameID "30919"]

1. e4 c5 2. Nf3 e6 3. d4 cxd4 4. Nxd4 Nf6 5. Nc3 Nc6 6. g3 Bb4 7. Nb5 Nxe4 8. Qf3 Nxc3 9. Nxc3 O-O 10. Bg2 d5
11. a3 Ba5
0-1

[Event "2006 Standard Chess Dropout Tournament, Round 1"]
[Site "SchemingMind.com"]
[Date "2005.11.22"]
[Round "1"]
[White "AntoniusBloch"]
[Black "Barry"]
[Result "0-1"]
[WhiteCountry "SWE"]
[BlackCountry "GBR"]
[WhiteElo "1524"]
[WhiteRD "191"]
[BlackElo "1650"]
[BlackRD "116"]
[GameID "30920"]

1. d4 d5 2. c4 dxc4 3. Nf3 Nf6 4. Nc3 c6 5. a4 Bf5 6. Ne5 e6 7. f3 Bb4 8. e4 Bxe4 9. fxe4 Nxe4 10. Bd2 Qxd4
11. Nxe4 Qxe4+ 12. Qe2 Bxd2+ 13. Kxd2 Qxe2+ 14. Bxe2 O-O 15. Rhd1 Na6 16. Bxc4 Nc7 17. Kc3 Nd5+ 18. Bxd5 cxd5 19. Kd4 f6 20. Nd3 Rac8
21. Rdc1 b6 22. b4 Rfd8 23. Rxc8 Rxc8 24. Rc1 Rxc1 25. Nxc1 Kf7 26. Ne2 Ke7 27. Nc3 a6 28. g4 Kd6 29. Nd1 e5+ 30. Kd3 a5
31. Kc3 g6 32. h4 f5 33. gxf5 gxf5 34. Nf2 f4 35. Nh3 d4+ 36. Kc4 axb4 37. Kxb4 Kd5 38. Kb5 d3 39. Kxb6 d2 40. Nf2 e4
41. a5 e3 42. a6 exf2 43. a7 f1=Q 44. a8=Q+ Kd4 45. Qd8+ Ke3 46. Qe7+ Kf2 47. Qc5+ Kg2 48. Qd5+ Kg1 49. Qg8+ Qg2 50. Qb3 Qg3
51. Qd1+ Kg2 52. Kb5 Qd3+ 53. Kb4 f3 54. h5 Qe2
0-1

[Event "2006 Standard Chess Dropout Tournament, Round 1"]
[Site "SchemingMind.com"]
[Date "2005.11.21"]
[Round "1"]
[White "Archr"]
[Black "banong"]
[Result "0-1"]
[WhiteCountry "USA"]
[BlackCountry "PHI"]
[WhiteElo "1543"]
[WhiteRD "99"]
[BlackElo "1899"]
[BlackRD "82"]
[GameID "30921"]

1. e4 e5 2. Nf3 d6 3. d4 Nd7 4. Bc4 Be7 5. Nc3 h6 6. O-O Ngf6 7. b4 Nb6 8. Bb3 O-O 9. Qd3 Bg4 10. dxe5 dxe5
11. Qxd8 Raxd8 12. Nxe5 Bxb4 13. Bb2 Bxc3 14. Nxg4 Bxb2 15. Nxf6+ Bxf6
0-1

[Event "2006 Standard Chess Dropout Tournament, Round 1"]
[Site "SchemingMind.com"]
[Date "2005.11.21"]
[Round "1"]
[White "ARVO REEDE"]
[Black "A Prawn"]
[Result "0-1"]
[WhiteCountry "EST"]
[BlackCountry "ENG"]
[WhiteElo "1684"]
[WhiteRD "146"]
[BlackElo "1942"]
[BlackRD "202"]
[GameID "30922"]

1. e4 c5 2. c3 Nf6 3. e5 Nd5 4. d4 cxd4 5. cxd4 d6 6. Nf3 Nc6 7. Bc4 Nb6 8. Bb5 dxe5 9. Nxe5 Bd7 10. Nc3 e6
11. O-O Nxe5 12. dxe5 Bxb5 13. Nxb5 a6 14. Nc3 Qxd1 15. Rxd1 Bb4 16. Ne4 Nd5 17. Be3 Rc8 18. Rac1 Rxc1 19. Rxc1 Kd7 20. Bd4 h6
21. Kf1 Rc8 22. Rxc8 Kxc8 23. Nc5 Bxc5 24. Bxc5 h5 25. Bf8 g6 26. a3 Kd7 27. Bh6 Kc6 28. Ke2 Nb6 29. b3 Kd5 30. Be3= Nd7
31. f4 Ke4 32. g3 Nb8 33. b4 Nc6 34. Bc5 b5 35. h4 Nb8 36. Bb6 Nd7 37. Ba7 f6 38. exf6 Nxf6 39. Bb8 Nd5 40. Be5 Ne3
41. Bc3 Nc4 42. a4 bxa4 43. Ba1 a3 44. Kd1 Kd3 45. Kc1 Ne3 46. Kb1 Kc4 47. Ka2 Kxb4 48. Be5 Nc4 49. Bf6 Kc5 50. Kb3 Kd5
51. Bg7 Nd6 52. Kxa3 Nf5 53. Bf8 Ke4 54. Kb3 Kf3 55. Bc5 Kxg3 56. Kc3 Kxf4
0-1

[Event "2006 Standard Chess Dropout Tournament, Round 1"]
[Site "SchemingMind.com"]
[Date "2005.11.21"]
[Round "1"]
[White "Ashmaster"]
[Black "annis"]
[Result "0-1"]
[WhiteCountry "IRL"]
[BlackCountry "USA"]
[WhiteElo "1400"]
[WhiteRD "63"]
[BlackElo "1705"]
[BlackRD "77"]
[GameID "30923"]

1. e4 Nf6 2. e5 Nd5 3. d4 d6 4. c4 Nb6 5. f4 dxe5 6. fxe5 c5 7. d5 g6 8. Nf3 Bg7 9. Bd3 Bg4 10. O-O O-O
11. Qe1 Bxf3 12. Rxf3 N6d7 13. Bf4 e6 14. d6 Nc6 15. Re3 Ndxe5 16. Bxe5 Nxe5 17. Rxe5 Qxd6
0-1

[Event "2006 Standard Chess Dropout Tournament, Round 1"]
[Site "SchemingMind.com"]
[Date "2005.11.21"]
[Round "1"]
[White "asperse"]
[Black "bholenath"]
[Result "0-1"]
[WhiteCountry "ENG"]
[BlackCountry "SCO"]
[WhiteElo "1328"]
[WhiteRD "66"]
[BlackElo "1525"]
[BlackRD "112"]
[GameID "30924"]

1. e4 e5 2. Nf3 f6 3. Bc4 Ne7 4. d3 d6 5. O-O Ng6 6. Nc3 c6 7. b4 Bd7 8. a4 a5 9. b5 Be7 10. Rb1 cxb5
11. Bxb5 Bxb5 12. Nxb5 Qd7 13. c4 Nc6 14. h3= Nd8 15. Ba3= Ne6 16. d4 O-O 17. d5= Nef4 18. Rc1 f5 19. Qe1 Nd3 20. Qe3 Nxc1
21. Rxc1 f4 22. Qb6 Rfc8 23. Nbd4 exd4 24. Nxd4 Qxa4 25. Bxd6 Rxc4 26. Rxc4 Qxc4 27. Bxe7 Nxe7 28. Ne6 Qxe4 29. Qxb7 Qxd5 30. Qxe7 Qe5
31. h4 a4 32. h5 h6 33. Qd7 a3 34. Qc6 Rb8 35. Qc4 Rb1+ 36. Kh2 Qxh5#
0-1

[Event "2006 Standard Chess Dropout Tournament, Round 1"]
[Site "SchemingMind.com"]
[Date "2005.11.21"]
[Round "1"]
[White "Astersen"]
[Black "bopl"]
[Result "0-1"]
[WhiteCountry "DEN"]
[BlackCountry "USA"]
[WhiteElo "1325"]
[WhiteRD "244"]
[BlackElo "2036"]
[BlackRD "134"]
[GameID "30925"]

1. f4 d6 2. b3 Nc6 3. Bb2 e5 4. fxe5 dxe5 5. g3 Bc5 6. e3 Nf6 7. Bb5 Bg4 8. Be2 Qd5 9. Nf3 O-O-O 10. O-O Bh3
11. Re1 Qe6 12. Ng5 Bxe3+ 13. Kh1 Qf5 14. Nxf7 Ne4
0-1

[Event "2006 Standard Chess Dropout Tournament, Round 1"]
[Site "SchemingMind.com"]
[Date "2005.11.21"]
[Round "1"]
[White "Atomov"]
[Black "chesstsar"]
[Result "1-0"]
[WhiteCountry "HUN"]
[BlackCountry "MAS"]
[WhiteElo "1738"]
[WhiteRD "75"]
[BlackElo "1578"]
[BlackRD "122"]
[GameID "30926"]

1. e4 c5 2. Nf3 a6 3. c3 d5 4. Be2 dxe4 5. Qa4+ Bd7 6. Qxe4 Bc6 7. Qf4 Nd7 8. d4 e6 9. O-O Ngf6 10. Be3 Nd5
11. Qg5 Qxg5 12. Nxg5 Be7 13. Nf3 O-O 14. Nbd2 b5 15. c4 Nxe3 16. fxe3 bxc4 17. Nxc4 Nf6 18. Nfe5 Bb7 19. Nb6 Rad8 20. Rad1
1-0

[Event "2006 Standard Chess Dropout Tournament, Round 1"]
[Site "SchemingMind.com"]
[Date "2005.11.21"]
[Round "1"]
[White "Aumonde"]
[Black "Atomov"]
[Result "1-0"]
[WhiteCountry "USA"]
[BlackCountry "HUN"]
[WhiteElo "2128"]
[WhiteRD "65"]
[BlackElo "1714"]
[BlackRD "81"]
[GameID "30927"]

1. d4 d5 2. c4 e6 3. Nc3 Nf6 4. Bg5 Be7 5. Nf3 h6 6. Bh4 O-O 7. e3 b6 8. Bd3 Bb7 9. Bxf6 Bxf6 10. cxd5 Bxd5
11. Nxd5 exd5 12. Qc2 Nd7 13. Qc6 Be7 14. Qxd5 Bb4+ 15. Ke2 Nf6 16. Qb3 Qe7 17. Ne5 c5 18. Ng6 Qd6 19. Nxf8 Kxf8 20. a3 Ba5
21. Qc4
1-0

[Event "2006 Standard Chess Dropout Tournament, Round 1"]
[Site "SchemingMind.com"]
[Date "2005.11.21"]
[Round "1"]
[White "banong"]
[Black "budi"]
[Result "0-1"]
[WhiteCountry "PHI"]
[BlackCountry "INA"]
[WhiteElo "1876"]
[WhiteRD "81"]
[BlackElo "1857"]
[BlackRD "207"]
[GameID "30928"]

1. e4 c6 2. d4 d5 3. e5 Bf5 4. Nf3 e6 5. Be2 Ne7 6. Bg5 h6 7. Bh4 Qb6 8. b3 Ng6 9. Bg3 Bb4+ 10. c3 Bxb1
11. Qd2 Bxc3 12. Qxc3 Be4 13. O-O Nd7 14. Nd2 Bf5 15. f4 O-O 16. Nf3 a5 17. Bd3 Bxd3 18. Qxd3 Ne7 19. Kh1 a4 20. bxa4 Rxa4
21. Rfb1 Qa7 22. a3 Ra8 23. Rb3 c5 24. Qb1 b6 25. dxc5 bxc5 26. Rb7 Rb8 27. Rxb8+ Nxb8 28. Bf2 Nd7 29. g3 Rxa3 30. Rxa3 Qxa3
31. Kg2 Qa6 32. g4 Ng6 33. Kg3 Qc4 34. Be3 d4 35. Bd2 Ne7 36. g5 Qe2 37. Qg1 Nf5+ 38. Kg4 h5+ 39. Kxh5 Qxf3+
0-1

[Event "2006 Standard Chess Dropout Tournament, Round 1"]
[Site "SchemingMind.com"]
[Date "2005.11.21"]
[Round "1"]
[White "Barry"]
[Black "ARVO REEDE"]
[Result "0-1"]
[WhiteCountry "GBR"]
[BlackCountry "EST"]
[WhiteElo "1704"]
[WhiteRD "115"]
[BlackElo "2000"]
[BlackRD "271"]
[GameID "30929"]

1. e4 e5 2. Nf3 Nc6 3. Bb5 a6 4. Ba4 Nf6 5. Nc3 Bc5 6. O-O b5 7. Bb3 Bb7 8. d3 O-O 9. Bg5 h6 10. Bh4 d6
11. Nd5 Kh7 12. Bxf6 gxf6 13. Nh4 Nd4 14. Ne3 Nxb3 15. axb3 Rg8 16. Nef5 Rg5 17. Kh1 d5 18. f4 exf4 19. Rxf4 dxe4 20. dxe4 Qxd1+
21. Rxd1 Re8 22. Rd7 Bxe4 23. Rxf7+ Kh8 24. h3 Bxf5 25. Nf3 Bd6 26. Rh4 Rg6 27. Rd4 Bxc2
0-1

[Event "2006 Standard Chess Dropout Tournament, Round 1"]
[Site "SchemingMind.com"]
[Date "2005.11.21"]
[Round "1"]
[White "benchbrunellnow"]
[Black "agarr"]
[Result "0-1"]
[WhiteCountry "USA"]
[BlackCountry "RUS"]
[WhiteElo "1517"]
[WhiteRD "58"]
[BlackElo "1791"]
[BlackRD "73"]
[GameID "30930"]

1. e4 e5 2. Bc4 Bc5 3. Nf3 Nc6 4. c3 Nf6 5. Ng5 d5 6. exd5 Nxd5 7. Nxf7 Qf6 8. d4 Qxf7 9. dxc5 Be6 10. Nd2 O-O-O
11. Bb5 Qg6 12. g3 Bh3 13. Bf1 Bf5 14. Qe2 e4 15. Nc4 Bg4 16. Qc2 Bf3 17. Bh3+ Kb8 18. O-O h5 19. Bg2 Bxg2 20. Kxg2 h4
21. b4 hxg3 22. fxg3 Qg4 23. b5 Nce7 24. Ne5 Qh5 25. Qxe4 Qxh2+ 26. Kf3 Nxc3 27. Qe1 Nxb5 28. Qe4 Nd4+
0-1

[Event "2006 Standard Chess Dropout Tournament, Round 1"]
[Site "SchemingMind.com"]
[Date "2005.11.21"]
[Round "1"]
[White "bholenath"]
[Black "bluerabbit"]
[Result "0-1"]
[WhiteCountry "SCO"]
[BlackCountry "NZL"]
[WhiteElo "1481"]
[WhiteRD "110"]
[BlackElo "1730"]
[BlackRD "99"]
[GameID "30932"]

1. e4 e5 2. Nc3 Nf6 3. Nf3 Nc6 4. Bd3 Bc5 5. Bc4 d6 6. h3 Be6 7. Bb3 Qd7 8. d3 O-O-O 9. Bd2 a6 10. Qe2 b5
11. a4 b4 12. Na2 d5 13. O-O Bxh3 14. Ng5 Bg4 15. Qe1 h6 16. Nxf7 Qxf7 17. Be3 Bxe3 18. fxe3 Qh5 19. Rf2 Be6 20. Nxb4 Ng4
21. Rf3 Qh2+ 22. Kf1 Qh1+ 23. Ke2 Qxe1+ 24. Rxe1 Nxb4 25. c3 Nxd3 26. Kxd3 dxe4+ 27. Kc2 Bxb3+ 28. Kxb3 exf3 29. gxf3 Nf6 30. c4 Rd3+
0-1

[Event "2006 Standard Chess Dropout Tournament, Round 1"]
[Site "SchemingMind.com"]
[Date "2005.11.21"]
[Round "1"]
[White "bluerabbit"]
[Black "alejandroales"]
[Result "1-0"]
[WhiteCountry "NZL"]
[BlackCountry "ARG"]
[WhiteElo "1730"]
[WhiteRD "99"]
[BlackElo "1650"]
[BlackRD "81"]
[GameID "30934"]

1. e4 e5 2. Nf3 Nc6 3. Bb5 a6 4. Ba4 Nf6 5. O-O Be7 6. Re1 b5 7. Bb3 d6 8. c3 O-O 9. h3 Na5 10. Bc2 c5
11. d4 Nd7 12. Nbd2 f6 13. Nf1 Nb6 14. d5 Kh8 15. Ng3 Nb7 16. Nh4 Qe8 17. Nhf5 Bxf5 18. Nxf5 Nc8 19. Qg4 Qg6 20. Qxg6 hxg6
21. Nh4 Kh7 22. g4 c4 23. a4 Nb6 24. a5 Nd7 25. b4 Nd8 26. f3 Nf7 27. Ng2 Nh8 28. h4 Nf7 29. Ne3 Nh6 30. Nf1 f5
31. Bxh6 gxh6 32. exf5 gxf5 33. Bxf5+ Rxf5 34. gxf5 Bxh4 35. Re4 Rg8+ 36. Rg4 Bg5 37. Re1 Rf8 38. f4 Bxf4 39. Rxf4 exf4 40. Re7+ Kg8
41. Rxd7 Rxf5 42. Rxd6 h5 43. Rxa6 Rxd5 44. Ra8+ Kf7 45. a6 Rd6 46. a7 Ra6 47. Rh8
1-0

[Event "2006 Standard Chess Dropout Tournament, Round 1"]
[Site "SchemingMind.com"]
[Date "2005.11.24"]
[Round "1"]
[White "bohemian rhapsody"]
[Black "C. H. O'D. Schlechter"]
[Result "0-1"]
[WhiteCountry "GBR"]
[BlackCountry "USA"]
[WhiteElo "1866"]
[WhiteRD "84"]
[BlackElo "2227"]
[BlackRD "79"]
[GameID "30935"]

1. e4 e6 2. Nc3 d5 3. exd5 exd5 4. Nf3 Nf6 5. d4 Be7 6. Bb5+ c6 7. Bd3 Bg4 8. h3 Bh5 9. O-O Nbd7 10. Re1 O-O
11. Be2 Bd6 12. Be3 Re8 13. Nh2 Qc7 14. Bxh5 Bxh2+ 15. Kf1 Bf4 16. Bxf4 Qxf4 17. Rxe8+ Rxe8 18. Be2 Qh2 19. f3 Nh5 20. Kf2 Nf4
21. Qg1 Nxh3+
0-1

[Event "2006 Standard Chess Dropout Tournament, Round 1"]
[Site "SchemingMind.com"]
[Date "2005.11.21"]
[Round "1"]
[White "boojiboy"]
[Black "chillipepper12345"]
[Result "0-1"]
[WhiteCountry "USA"]
[BlackCountry "USA"]
[WhiteElo "1676"]
[WhiteRD "78"]
[BlackElo "1908"]
[BlackRD "99"]
[GameID "30936"]

1. e4 d6 2. d4 Nf6 3. Nc3 g6 4. Be3 c6 5. Qd2 b5 6. Bd3 Nbd7 7. Nf3 b4 8. Ne2 c5 9. c3 a5 10. O-O Bb7
11. d5 h6 12. c4 Ng4 13. h3 Nxe3 14. Qxe3 Bg7 15. Rab1 O-O 16. Ne1 a4 17. f4 b3 18. a3 Ba6 19. Nf3 Qb8 20. g4 Qc7
21. Ng3 Nb6 22. Qe2 e6 23. Nd2 Qe7 24. Kg2 Rfe8 25. Rfe1 Qh4 26. Nf3 Qf6 27. f5 exd5 28. cxd5 Nxd5 29. Qd2 Bxd3
0-1

[Event "2006 Standard Chess Dropout Tournament, Round 1"]
[Site "SchemingMind.com"]
[Date "2005.11.21"]
[Round "1"]
[White "bopl"]
[Black "bohemian rhapsody"]
[Result "1/2-1/2"]
[WhiteCountry "USA"]
[BlackCountry "GBR"]
[WhiteElo "1811"]
[WhiteRD "117"]
[BlackElo "1866"]
[BlackRD "84"]
[GameID "30937"]

1. d4 Nf6 2. Nf3 c5 3. c3 e6 4. Bf4 cxd4 5. Nxd4 d6 6. Nf3 Be7 7. e3 O-O 8. Be2 e5 9. Bg5 h6 10. Bxf6 Bxf6
11. O-O Nc6 12. e4 Re8 13. Nbd2 Be6 14. Bc4 d5 15. Bb5 a6 16. Bxc6 bxc6 17. Re1 d4 18. cxd4 exd4 19. Rc1 Rc8 20. b3 Bg5
21. Nxg5 hxg5 22. Rc5 Qd6=
1/2-1/2

[Event "2006 Standard Chess Dropout Tournament, Round 1"]
[Site "SchemingMind.com"]
[Date "2005.11.22"]
[Round "1"]
[White "Brendan Joseph Birt"]
[Black "AntoniusBloch"]
[Result "1-0"]
[WhiteCountry "USA"]
[BlackCountry "SWE"]
[WhiteElo "1836"]
[WhiteRD "114"]
[BlackElo "1524"]
[BlackRD "191"]
[GameID "30938"]

1. e4 c5 2. c3 Nf6 3. e5 Nd5 4. d4 cxd4 5. cxd4 Nc6 6. Nf3 d6 7. exd6 Qxd6 8. Be2 g6 9. O-O Bg7 10. Na3 O-O
11. Nc4 Qc7 12. Ne3 Nf4 13. Re1 Rd8 14. d5 e6 15. Bc4 Ne7 16. Qb3 Nfxd5 17. Nxd5 Nxd5 18. Bxd5 Rxd5 19. Qxd5 exd5 20. Re8+ Bf8
21. Bh6 Qd6 22. Rc1 Qe7 23. Rexc8
1-0

[Event "2006 Standard Chess Dropout Tournament, Round 1"]
[Site "SchemingMind.com"]
[Date "2005.11.21"]
[Round "1"]
[White "Brerrabbit"]
[Black "Astersen"]
[Result "0-1"]
[WhiteCountry "SCO"]
[BlackCountry "DEN"]
[WhiteElo "1262"]
[WhiteRD "69"]
[BlackElo "1387"]
[BlackRD "129"]
[GameID "30939"]

1. e4 d6 2. Nf3 c6 3. Nc3 Qc7 4. d4 e5 5. d5 Nf6 6. dxc6 bxc6 7. Bc4 h6 8. Be3 Bg4 9. Qd2 Bxf3 10. gxf3 Nbd7
11. f4 Ng4 12. h3 Nxe3 13. Qxe3 Be7 14. Rg1 O-O 15. f5 Bg5 16. Qg3 Rab8 17. h4 Bf6 18. Qg6 d5 19. Qg3 dxc4 20. b4 Rxb4
21. a3 Rb2 22. Na4 Rb7 23. Qe3 Bxh4 24. Rh1 Bg5 25. Qg3 Qa5+ 26. c3 Qxa4 27. Rd1 Nc5 28. Rd6 Nd3+ 29. Kf1 Qd1+ 30. Kg2 Ne1+
31. Rxe1 Qxd6 32. Qf3 Qxa3 33. f6 gxf6 34. Qh3 Rb3 35. Qg4 Rxc3 36. Rf1 Kh7 37. Qf5+ Kg7 38. Qg4 Rc1 39. Rh1 Rh8 40. Rh3 Rc3
41. Rh1 Rc1 42. Rh3 Qc5 43. Qf5 c3 44. Kf3 Re1
0-1

[Event "2006 Standard Chess Dropout Tournament, Round 1"]
[Site "SchemingMind.com"]
[Date "2005.11.21"]
[Round "1"]
[White "brightnight"]
[Black "Aumonde"]
[Result "0-1"]
[WhiteCountry "USA"]
[BlackCountry "USA"]
[WhiteElo "1512"]
[WhiteRD "97"]
[BlackElo "2128"]
[BlackRD "65"]
[GameID "30940"]

1. e4 d6 2. d4 Nf6 3. Nc3 g6 4. Bd2 Bg7 5. Nf3 O-O 6. Bc4 Nxe4 7. O-O Nxd2 8. Qxd2 c6 9. h3 d5 10. Bd3 Qd6
11. Rfe1 Nd7 12. b3 e5 13. dxe5 Nxe5 14. Be2 Nxf3+ 15. Bxf3 Qb4 16. Re3 d4 17. Rd3 dxc3 18. Qd1 Bf5 19. Re3 Rad8 20. Qe2 Rd2
21. Qf1 Bxc2 22. Bd1 Bxd1 23. Rxd1 Rxa2 24. Re2 c2 25. Rc1 Qxb3 26. Qe1 Bh6 27. Rcxc2 Rxc2 28. Rxc2 Qxc2 29. Kh2 Rd8 30. Qe7 Bf4+
0-1

[Event "2006 Standard Chess Dropout Tournament, Round 1"]
[Site "SchemingMind.com"]
[Date "2005.11.22"]
[Round "1"]
[White "budi"]
[Black "asperse"]
[Result "1-0"]
[WhiteCountry "INA"]
[BlackCountry "ENG"]
[WhiteElo "1673"]
[WhiteRD "232"]
[BlackElo "1305"]
[BlackRD "62"]
[GameID "30941"]

1. Nf3 Nc6 2. c4 e5 3. Nc3 Bc5 4. a3 Nf6 5. e3 O-O 6. d4 exd4 7. exd4 Qe7+ 8. Be2 Bd6 9. c5 Be5 10. dxe5 Nxe5
11. Nxe5 Qxe5 12. Be3 Ng4 13. Bxg4 d6 14. Bxc8 Raxc8 15. cxd6 cxd6 16. O-O b6 17. Re1 Qf6 18. Ne4 Qg6 19. Nxd6 Rcd8 20. Bf4 Qf6
21. Be5 Qg6 22. Re3 Rd7 23. Rg3 Qh6 24. Rxg7+ Qxg7 25. Bxg7 Kxg7 26. Qg4+
1-0

[Event "2006 Standard Chess Dropout Tournament, Round 1"]
[Site "SchemingMind.com"]
[Date "2005.11.21"]
[Round "1"]
[White "C. H. O'D. Schlechter"]
[Black "cleverman"]
[Result "1-0"]
[WhiteCountry "USA"]
[BlackCountry "USA"]
[WhiteElo "2227"]
[WhiteRD "79"]
[BlackElo "1588"]
[BlackRD "72"]
[GameID "30942"]

1. d4 d5 2. Bf4 Nf6 3. e3 Bf5 4. Nf3 e6 5. Nbd2 Nbd7 6. c3 Bd6 7. Bxd6 cxd6 8. Qb3 Rb8 9. Nh4 Bg4 10. h3 Bh5
11. Qa3 Ne4 12. Nxe4 dxe4 13. g3 Nb6 14. Bb5+ Ke7 15. Qxa7 Qc7 16. Qa3 Ra8 17. Qb3 Rhc8 18. g4 Bg6 19. Nxg6+ fxg6 20. O-O h5
21. f3 d5 22. Qb4+ Kf7 23. fxe4+ Kg8 24. e5 hxg4 25. hxg4 Qd8 26. Rf4 Qh4 27. Kg2 Nc4 28. Bxc4 Rxc4 29. Qxb7 Rac8 30. Qf7+ Kh7
31. Rh1 Qxh1+ 32. Kxh1 R4c7 33. Qxe6 Kh6 34. g5+ Kh7 35. Rh4#
1-0